| 000 | 01090nam a2200229Ka 4500 | ||
|---|---|---|---|
| 001 | 000029026 | ||
| 003 | OCoLC | ||
| 005 | 20250430121825.0 | ||
| 008 | 090609s1996 dr 000 0 spa d | ||
| 040 |
_aDO-SdBNP _bspa _cBNPHU |
||
| 082 |
_a331.21 _bR426t |
||
| 110 | 1 |
_aRepública Dominicana. _bSecretaría de Estado de Trabajo _9491 |
|
| 245 | 1 | 0 | _aTarifas de salarios mínimos nacionales aprobadas por el Comité Nacional de Salarios. |
| 260 |
_aSanto Domingo : _bSecretaría de Estado de Trabajo, _c1996. |
||
| 300 |
_a58 p. ; _c21cm. |
||
| 505 | 0 | _a1. Presentación -- Resolución no. 01-91 -- . Resolución no. 02-93 -- Resolución no. 04- 94 -- Resolución no. 01-95 Resolución no.03-95 -- Resolución no. 6-95-- Resolución no. 07-95-- Resolución no.08-95-- Resolución no. 08-95 -- Resolución no. 09-95-- Resolución no.10-95-- Resolución no. 11-95 | |
| 650 | 4 |
_aCosto de mano de obra _zRepública Dominicana _955943 |
|
| 650 | 4 |
_aSalarios _zRepública Dominicana _955944 |
|
| 650 | 4 |
_aPolítica salarial _955945 |
|
| 650 | 0 |
_aAdministración de personal _91581 |
|
| 049 | _aBNPD | ||
| 999 |
_c28518 _d28518 |
||